00716nam a2200229 i 4500001000300000245004800003260007000051300002100121650002700142655002200169700002300191020001500214040000800229041000700237080001200244920001800256942000700274008004100281999001700322856009800339952004900437bg00aDylematy wolności /cpod red. Marii Reut. aWrocław :bOficyna Wydawnicza Politechniki Wrocławskiej,c2001. a259 s. ;c24 cm. 9aWolnośćxfilozofia aSzkice literackie1 aREUT, Maria.eRed. a8370855717 cBPK0 apl a122/129 a83-7085-571-7 cKS s pl f |000 0 pol  c40606d40606 uhttp://koha.tu.koszalin.pl/cgi-bin/koha/opac-detail.pl?biblionumber=40606yKatalog online BPK 00104070aBPKbBPKcwo62070p01646481yKS